000 00653cam a2200181 i 4500
005 20260105115130.0
008 250721s1990 ua gr 000 0 ara d
082 1 4 _a219
_bع ل ي
100 1 _aالكافوري، علي أحمد
_eمؤلف.
245 1 0 _aغزوة بدر الكبرى في قضايا معاصره /
_cعلي أحمد الكافوري.
250 _aالطبعة الأولى.
264 3 1 _aالقاهرة :
_bالزهراء للإعلام العربي،
_c1990.
300 _a330 صفحة.
650 1 7 _aالسيرة النبوية.
650 1 7 _aالغزوات الإسلامية.
942 _2ddc
_cBK
999 _c5236
_d5236